Creative contracts (Record no. 67824)

MARC details
000 -LEADER
fixed length control field 01667cam a2200265 4500
001 - CONTROL NUMBER
control field ABS64256
008 - FIXED-LENGTH DATA ELEMENTS--GENERAL INFORMATION
fixed length control field 010730n2001 000 0 eng u
035 ## - SYSTEM CONTROL NUMBER
System control number (Sirsi) u113843
100 ## - MAIN ENTRY--PERSONAL NAME
Personal name Bingham, T.
245 ## - TITLE STATEMENT
Title Creative contracts
260 ## - PUBLICATION, DISTRIBUTION, ETC.
Date of publication, distribution, etc. 2001
490 ## - SERIES STATEMENT
Series statement Building
Volume/sequential designation 266(8192) 6 July 2001, 56-57(2)
520 ## - SUMMARY, ETC.
Summary, etc. Discusses the judgment in "Fence Gate Ltd v James R Knowles Ltd" The hotel owners of Fence Gate Inn asked James R Knowles to advise them on an alleged defective kitchen floor. At arbitration, James R Knowles gave expert evidence and issue a fee note which Fence Gate refused to pay. The hotel owners argued that the adjudicator called in by James R Kowles, had no jurisdiction in this case, because the services of James R Knowles fell outside the scope of the Construction Act 1996. The adjudicator ordered Fence Gate to pay, but the hotel owners refused and took out a summons in the Technology and Construction Court. The judge concluded that for expert services to fall within the Construction Act, they must be in relation to construction operations. In the case of James R Knowles the advice had been with regard to legal proceedings.
590 ## - LOCAL NOTE (RLIN)
Local note ABS
650 ## - SUBJECT ADDED ENTRY--TOPICAL TERM
Topical term or geographic name entry element FENCE GATE LTD V JAMES R KNOWLES LTD
650 ## - SUBJECT ADDED ENTRY--TOPICAL TERM
Topical term or geographic name entry element HOUSING GRANTS, CONSTRUCTION AND REGENERATION ACT 1996
650 ## - SUBJECT ADDED ENTRY--TOPICAL TERM
Topical term or geographic name entry element CONSTRUCTION OPERATIONS
650 ## - SUBJECT ADDED ENTRY--TOPICAL TERM
Topical term or geographic name entry element EXPERT SERVICES
650 ## - SUBJECT ADDED ENTRY--TOPICAL TERM
Topical term or geographic name entry element JURISDICTION
650 ## - SUBJECT ADDED ENTRY--TOPICAL TERM
Topical term or geographic name entry element FEES
650 ## - SUBJECT ADDED ENTRY--TOPICAL TERM
Topical term or geographic name entry element EXPERT EVIDENCE
650 ## - SUBJECT ADDED ENTRY--TOPICAL TERM
Topical term or geographic name entry element MANAGEMENT-DISPUTE AVOIDANCE, MANAGEMENT AND RESOLUTION-DISPUTE MANAGEMENT AND RESOLUTION-ALTERNATIVE DISPUTE RESOLUTION-ADJUDICATION
690 ## - LOCAL SUBJECT ADDED ENTRY--TOPICAL TERM (OCLC, RLIN)
Topical term or geographic name as entry element Dispute resolution
9 (RLIN) 6236
942 ## - ADDED ENTRY ELEMENTS (KOHA)
Suppress in OPAC 0
Holdings
Withdrawn status Lost status Source of classification or shelving scheme Damaged status Not for loan Home library Current library Shelving location Date acquired Total Checkouts Full call number Barcode Date last seen Copy number Price effective from Koha item type
    Dewey Decimal Classification     London London Journal article 30/07/2001   ABS64256 113843-1001 06/08/2019 1 06/08/2019 Journal article